| 000 | 00382nam a22001337a 4500 | ||
|---|---|---|---|
| 008 | 230301b |||||||| |||| 00| 0 eng d | ||
| 020 | _a0060830395. | ||
| 050 | _aPZ3 .C764 G2. | ||
| 100 |
_aConrad, Joseph _94589 |
||
| 245 |
_aThe great short stories of Joseph Conrad. _cJoseph Conrad |
||
| 260 |
_aNew York: _bHarper and Row , |
||
| 300 |
_a407p; _c18cm. |
||
| 942 |
_2lcc _cMONOGRAPH |
||
| 999 |
_c131646 _d131646 |
||